|
|
|
|
| LEADER |
02274nam a22004575i 4500 |
| 001 |
978-3-319-00666-6 |
| 003 |
DE-He213 |
| 005 |
20151031081020.0 |
| 007 |
cr nn 008mamaa |
| 008 |
130821s2014 gw | s |||| 0|eng d |
| 020 |
|
|
|a 9783319006666
|9 978-3-319-00666-6
|
| 024 |
7 |
|
|a 10.1007/978-3-319-00666-6
|2 doi
|
| 040 |
|
|
|d GrThAP
|
| 050 |
|
4 |
|a QE471-471.15
|
| 072 |
|
7 |
|a RBGB
|2 bicssc
|
| 072 |
|
7 |
|a SCI091000
|2 bisacsh
|
| 082 |
0 |
4 |
|a 551.3
|2 23
|
| 100 |
1 |
|
|a Miall, Andrew.
|e author.
|
| 245 |
1 |
0 |
|a Fluvial Depositional Systems
|h [electronic resource] /
|c by Andrew Miall.
|
| 264 |
|
1 |
|a Cham :
|b Springer International Publishing :
|b Imprint: Springer,
|c 2014.
|
| 300 |
|
|
|a IX, 316 p. 232 illus., 105 illus. in color.
|b online resource.
|
| 336 |
|
|
|a text
|b txt
|2 rdacontent
|
| 337 |
|
|
|a computer
|b c
|2 rdamedia
|
| 338 |
|
|
|a online resource
|b cr
|2 rdacarrier
|
| 347 |
|
|
|a text file
|b PDF
|2 rda
|
| 490 |
1 |
|
|a Springer Geology
|
| 505 |
0 |
|
|a Introduction -- The facies and architecture of fluvial systems -- Allogenic sedimentary controls -- Sequence stratigraphy -- Modern depositional systems -- Ancient depositional systems.
|
| 520 |
|
|
|a The book summarizes methods of mapping and interpretation of fluvial depositional systems, with a detailed treatment of the tectonic, climatic and eustatic controls on fluvial depositional processes. It focuses on the preserved, ancient depositional record and emphasizes large-scale (basin-scale) depositional processes. Tectonic and climatic controls of fluvial sedimentation and the effects of base-level change on sequence architecture are discussed. Profusely illustrated and with an extensive reference to the recent literature, this book will be welcomed by the student and professional geologist alike.
|
| 650 |
|
0 |
|a Earth sciences.
|
| 650 |
|
0 |
|a Historical geology.
|
| 650 |
|
0 |
|a Sedimentology.
|
| 650 |
1 |
4 |
|a Earth Sciences.
|
| 650 |
2 |
4 |
|a Sedimentology.
|
| 650 |
2 |
4 |
|a Historical Geology.
|
| 710 |
2 |
|
|a SpringerLink (Online service)
|
| 773 |
0 |
|
|t Springer eBooks
|
| 776 |
0 |
8 |
|i Printed edition:
|z 9783319006659
|
| 830 |
|
0 |
|a Springer Geology
|
| 856 |
4 |
0 |
|u http://dx.doi.org/10.1007/978-3-319-00666-6
|z Full Text via HEAL-Link
|
| 912 |
|
|
|a ZDB-2-EES
|
| 950 |
|
|
|a Earth and Environmental Science (Springer-11646)
|